Guess the 1960s song lyrics #308 - Statistics

General Stats
  • This quiz has been taken 18 times
  • The average score is 82 of 120
Answer Stats
Answer % Correct
I
100%
a
93%
the
93%
for
80%
Is
80%
on
80%
am
73%
And
73%
don't
67%
hear
67%
like
67%
line
67%
lineman
67%
need
67%
want
67%
Wichita
67%
you
67%
all
60%
But
60%
can
60%
county
60%
in
60%
it
60%
look
60%
more
60%
time
60%
ever
53%
Glen Campbell
53%
if
53%
know
53%
still
53%
than
53%
that
53%
Won't
53%
down
47%
main
47%
overload
47%
rain
47%
road
47%
vacation
47%
another
40%
drive
40%
Searchin
40%
small
40%
snows
40%
wire
40%
singing
33%
south
33%
stretch
33%
sun
33%
through
33%
stand
27%
strain
27%
whine
27%
No matching quizzes found
Score Distribution
Percent of People with Each Score
Percentile by Number Answered
Your Score History
You have not taken this quiz